01422nab a2200193uuc4500001000800000005001700008008004100025035001200066035002100078040001300099041000800112100004000120245015400160520076600314650002501080650002401105650001501129773008401144110725720240202085921.0081003s2007 spa  a1107257 a(OCoLC)820443808 ccomduadb aspa10aSefotho, Monaheng Maximus4auteaut14aLos niños huerfanos por VIH/SIDA: un desafío para el logro de las metas de educación para todos (EFA) y los objetivos de desarrollo del milenio3 aEl artículo analiza la situación de los niños huérfanos a causa del VIH/SIDA en las aldeas del Grupo Comunitario de Lithabaneng (LCBG, por sus siglas en inglés), se plantea como un desafío para el logro de las metas de Educación para todos (EFA, por sus siglas en inglès) los Objetivos de desarrolo del milenio (MDG'S, por sus siglas en inglés). El estudiopretende investigar si la educación primaria gratuita que patrocina a los niños huérfanos y vulnerables, cumple con las metas de EFA y los MDG'S, además se identifican los retos y se recomiendan soluciones a las instituciones como el Ministerio de Educación y Capacitación, (MOET, por sus isglas en inglés), la comunidad donante y las organizaciones de la sociedad civil. aEducacion para todos aNiñez desamparada 7aSIDA2lemb0 tEthos EducativogNo. 40, Sept.-Dic. 2007, p. 141-160w960284x1405-72550378690